Największe miasta w Portugalii na mapie - Statystyki

Ogólne statystyki
  • Ten quiz został rozwiązany 65 razy
  • Średni wynik to 6 z 25
Odpowiedzi na mapie
Odpowiedzi zakodowano w zielono-czerwonej skali na mapie do tego quizu, zgodnie z poniższymi procentami.
 
Statystyki odpowiedzi
Populacja Miasto % Poprawnych
552 700 Lizbona
100%
237 591 Porto
98%
136 885 Braga
55%
105 842 Coimbra
48%
47 575 Faro
43%
98 131 Setúbal
40%
47 588 Guimarães
38%
111 541 Funchal
30%
60 058 Aveiro
23%
41 898 Évora
15%
40 661 Ponta Delgada
15%
175 136 Amadora
13%
96 404 Almada
10%
40 658 Portimão
10%
186 502 Vila Nova de Gaia
10%
57 975 Viseu
5%
40 513 Amora
3%
63 353 Barreiro
3%
50 533 Leiria
3%
49 486 Matosinhos
3%
64 815 Rio Tinto
3%
79 805 Agualva-Cacém
0%
43 127 Loures
0%
56 847 Odivelas
0%
75 169 Queluz
0%
Nie znaleziono quizów pasujących do podanych kryteriów
Rozkład punktacji
Procent ludzi z każdym wynikiem
Percentyl według liczby udzielonych odpowiedzi
Twoja historia wyników
Nie rozwiązałeś tego quizu